[Event "AUT-chT2M 9899"]
[Site "Austria"]
[Date "1999.01.24"]
[Round "7"]
[White "Teufl, S."]
[Black "Portisch, Ferenc"]
[Result "0-1"]
[WhiteElo "2167"]
[BlackElo "2375"]

1.e4 e6 2.d4 d5 3.Nc3 Bb4 4.e5 Ne7 5.a3 Bxc3+ 6.bxc3 c5 7.Nf3 b6 8.Bb5+ Bd7
9.Bd3 c4 10.Be2 Ba4 11.Bg5 Nbc6 12.O-O h6 13.Bxe7 Qxe7 14.Ne1 O-O-O 15.f4 f5
16.exf6 gxf6 17.Bg4 Qd6 18.Qe2 Rhe8 19.g3 Kb8 20.Ng2 e5 21.fxe5 fxe5 22.Qd2 exd4
23.cxd4 Re4 24.Bf5 c3 25.Qxc3 Nxd4 26.Qd2 Qc5 27.Kh1 Nxf5 28.Rxf5 Qxc2 29.Qxh6 d4
30.Qg5 Rc8 31.Raf1 Bc6 32.h4 Rg4 33.R5f2 Rxg5 34.Rxc2 Rxg3 35.Kh2 Rcg8 36.Rxc6 Rxg2+
37.Kh1 d3 38.Rd1 R2g4 39.Rh6 Rd4 40.Rd2 Rgg4 41.h5 Rg5 42.Rg6 Rh4+  0-1

[Event "Yangon schev"]
[Site "Yangon"]
[Date "1999.02.04"]
[Round "5"]
[White "Khin Than"]
[Black "Sharavdorj, Dashzeveg"]
[Result "0-1"]
[WhiteElo "2541"]
[BlackElo "2431"]

1.e4 e6 2.d4 d5 3.Nc3 Bb4 4.e5 Ne7 5.a3 Bxc3+ 6.bxc3 c5 7.h4 Qc7 8.Nf3 b6
9.h5 h6 10.Bd2 Ba6 11.Bxa6 Nxa6 12.Qe2 Nb8 13.O-O Nd7 14.Rfe1 Rc8 15.a4 O-O
16.g4 cxd4 17.Nxd4 Nc6 18.Nf3 Ne7 19.Rab1 Qc4 20.Nd4 Qxe2 21.Rxe2 Nc6 22.Nxc6 Rxc6
23.Rb4 Rfc8 24.f3 Rc4 25.Be1 a5 26.Rb1 Rxa4 27.Rd1 Rac4 28.Bd2 a4 29.g5 hxg5
30.Bxg5 Rxc3 31.Rg2 Kh7  0-1

[Event "Yangon schev"]
[Site "Yangon"]
[Date "1999.02.12"]
[Round "13"]
[White "May Aung Hlaing"]
[Black "Sharavdorj, Dashzeveg"]
[Result "0-1"]
[WhiteElo "2507"]
[BlackElo "2431"]

1.e4 e6 2.d4 d5 3.Nc3 Bb4 4.e5 Ne7 5.Nf3 b6 6.Bd2 Bxc3 7.Bxc3 Ba6 8.Bd3 Bxd3
9.Qxd3 h6 10.O-O-O c5 11.b3 Nbc6 12.dxc5 bxc5 13.Qb5 Qb6 14.Qa4 O-O 15.Nd2 a5
16.f4 Nb4 17.Rhe1 Rfc8 18.Qa3 Nf5 19.Nf3 c4 20.Kb1 Rab8 21.Qb2 cxb3 22.cxb3 a4
23.a3 Nd3 24.Rxd3 Qa6 25.Red1 Rxb3 26.Qxb3 axb3 27.Kb2 Qc4 28.R1d2  0-1

[Event "Budapest FS02 IM"]
[Site "Budapest"]
[Date "1999.02.18"]
[Round "13"]
[White "Kjetzae, Johnny"]
[Black "Jamrich, Gyorgy"]
[Result "0-1"]
[WhiteElo "2225"]
[BlackElo "2294"]

1.e4 e6 2.d4 d5 3.Nc3 Bb4 4.e5 b6 5.a3 Bf8 6.Nh3 Qd7 7.Nf4 Ba6 8.Bxa6 Nxa6
9.Qd3 Nb8 10.Nce2 Ne7 11.Nh5 Ng8 12.Be3 g6 13.Nhg3 h5 14.h4 Qa4 15.Nf4 Qa6
16.Qxa6 Nxa6 17.O-O Be7 18.c4 c6 19.cxd5 cxd5 20.Rfc1 Bxh4 21.b4 Kd7 22.Nh3 Ne7
23.Bg5 Bxg5 24.Nxg5 Rhf8 25.Nh7 Rfc8 26.Ng5 Ke8 27.b5 Nc7 28.Rab1 Rab8 29.Rb3 Na8
30.Rd1 Rc2 31.Rf3 Nf5 32.Nxf5 exf5 33.Nh3 Nc7 34.Nf4 Rd8 35.a4 Ne6 36.Nxe6 fxe6
37.Rg3 Kf7 38.a5 bxa5 39.Ra1 Rd7 40.Rxa5 Rb7 41.Rga3 Rcc7 42.f4 g5 43.fxg5 Kg6
44.Kf2 Kxg5 45.Kf3 h4 46.Ra6 Re7 47.Rb3 f4 48.Rc6 Kf5 49.Rc8 Rg7 50.Rf8+ Rbf7
51.Rxf7+ Rxf7 52.Rc3 Rg7 53.Rc6 Rg3+ 54.Kf2 Rb3 55.Rc7 Rxb5 56.Rxa7 Ke4 57.Re7 Rb6
58.Rh7 Rb2+  0-1

[Event "AUT-chT2M 9899"]
[Site "Austria"]
[Date "1999.02.27"]
[Round "8"]
[White "Steinmueller, Guenther"]
[Black "Gottsmann, Herbert"]
[Result "1/2-1/2"]
[WhiteElo "1985"]
[BlackElo "2145"]

1.e4 e6 2.d4 d5 3.Nc3 Bb4 4.e5 Qd7 5.a3 Bxc3+ 6.bxc3 b6 7.Nh3 f5 8.Qh5+ g6
9.Qf3 Ne7 10.Nf4 Ba6 11.Bxa6 Nxa6 12.Qe2 Nb8 13.c4 Nbc6 14.Bb2 Na5 15.cxd5 Nxd5
16.Nxd5 Qxd5 17.O-O O-O 18.f4 Nc4 19.Bc3 Rf7 20.Kh1 Rg7 21.Rf3 a5 22.Rd3 Kh8
23.Be1 Rd7 24.Rb1 Qe4 25.Qf2 Kg8 26.Bd2 Rad8 27.Re1 Qd5 28.Bc1 b5 29.h3 Qc6
30.Kh2 Rd5 31.g4 Rf8 32.Rg1 Qd7  1/2-1/2

[Event "Alushta"]
[Site "Alushta"]
[Date "1999.03.03"]
[Round "1"]
[White "Rogovski, Vladimir"]
[Black "Nosenko, Alexander"]
[Result "1/2-1/2"]
[WhiteElo "2455"]
[BlackElo "2433"]

1.e4 e6 2.d4 d5 3.Nc3 Bb4 4.e5 b6 5.Qg4 Bf8 6.Bd3 Qd7 7.Nf3 Ba6 8.O-O Ne7
9.Bg5 Bxd3 10.cxd3 Ng6 11.Rac1 h6 12.Be3 h5 13.Qh3 Nc6 14.a3 Nce7 15.Rc2 Nf5
16.Ne2 Be7 17.Rfc1 O-O-O 18.Ng3 Nfh4 19.Nxh4 Nxh4 20.f4 g6 21.Ne2 Kb7 22.Bf2 Nf5
23.Ng3 Nh6 24.Nf1 Rc8 25.Qf3 Nf5 26.Ng3 Nxg3 27.Qxg3 Rhg8 28.Qf3 f6 29.exf6 Bxf6
30.Re1 Rce8 31.Rce2 Qd6 32.Kh1 Kc8 33.Qe3 Kd7 34.Qc1 Rgf8 35.Qc2 Kc8 36.Qa4 Kb7
37.Rc2 Bd8 38.Be3 a6 39.Rec1 Re7 40.Rc6 Qd7 41.h3 Rf6 42.Qc2 Ref7 43.h4 Rxf4
44.Bxf4 Rxf4 45.g3 Rxd4 46.Qe2 Rg4 47.Kh2 g5 48.hxg5 e5 49.Qxe5 h4 50.Qe6 hxg3+
51.Kh3 Qxe6 52.Rxe6 Bxg5 53.Rg1 Rh4+ 54.Kxg3 Rd4 55.Kf2 Rf4+ 56.Ke2 Bf6 57.Ke3 Rf5
58.Rg2 Be5 59.Reg6 a5 60.b3 Bd6 61.a4 Kc6 62.Rc2+ Kb7 63.Kd4 Rh5  1/2-1/2

[Event "Manhattan March Int"]
[Site "New York"]
[Date "1999.03.10"]
[Round "5"]
[White "Ady, Jonathan James"]
[Black "Timoshenko, Georgy"]
[Result "0-1"]
[WhiteElo "2412"]
[BlackElo "2592"]

1.e4 e6 2.d4 d5 3.Nc3 Bb4 4.e5 Ne7 5.a3 Bxc3+ 6.bxc3 b6 7.Qg4 Ng6 8.h4 h5
9.Qd1 Ba6 10.Bg5 Qc8 11.Be2 c5 12.Rh3 Nc6 13.Bxh5 Rxh5 14.Qxh5 cxd4 15.Ne2 Ncxe5
16.cxd4 Nc6 17.O-O-O Qc7 18.Re3 Rc8 19.Rd2 Nf8 20.Nf4 Qd6 21.Rd1 Ne7 22.Bxe7 Qxf4
23.Bxf8 Kxf8 24.Qf3 Qxf3 25.Rxf3 Be2 26.Rdd3 Rc4 27.c3 g6 28.Kb2 b5 29.Rde3 Bxf3
30.Rxf3 a5 31.Re3 b4 32.cxb4 axb4 33.a4 Rxd4 34.a5 Ke7 35.a6 Rxh4 36.Rh3 Rc4
37.Rh8 Rc7  0-1

[Event "Budapest FS03 IM"]
[Site "Budapest"]
[Date "1999.03.13"]
[Round "8"]
[White "Kiss, Gedeon"]
[Black "Jamrich, Gyorgy"]
[Result "1-0"]
[WhiteElo "2259"]
[BlackElo "2273"]

1.e4 e6 2.d4 d5 3.Nc3 Bb4 4.e5 b6 5.Qg4 Bf8 6.Bg5 Qd7 7.h4 Ba6 8.Bxa6 Nxa6
9.Nge2 Nb4 10.O-O-O h6 11.Be3 O-O-O 12.h5 f5 13.Qh3 Ne7 14.Nf4 Rg8 15.g4 Nbc6
16.gxf5 Nxf5 17.Ncxd5 Nfxd4 18.Bxd4 Nxd4 19.Rxd4 exd5 20.e6 Qe7 21.Ng6 Qg5+
22.f4  1-0

[Event "Bucharest TIT"]
[Site "Bucharest"]
[Date "1999.03.14"]
[Round "14"]
[White "Brajovic, Radovan"]
[Black "Ionescu, Doru Alexandru"]
[Result "0-1"]
[WhiteElo "2364"]
[BlackElo "2324"]

1.e4 e6 2.d4 d5 3.Nc3 Bb4 4.e5 Ne7 5.Qg4 c5 6.a3 Bxc3+ 7.bxc3 Kf8 8.dxc5 Nbc6
9.Nf3 Qa5 10.Bd2 Qxc5 11.Bd3 b6 12.O-O Bb7 13.Rfe1 Rd8 14.Nd4 Ng6 15.Qg3 Nxd4
16.cxd4 Qxd4 17.h4 Ne7 18.Bb4 Rc8 19.Bb5 Rg8 20.Qg5 f6 21.exf6 gxf6 22.Qh6+ Kf7
23.Bxe7 Rg6 24.Qxh7+ Rg7 25.Qd3 Qg4 26.g3 Kxe7 27.Qe2 Qh3 28.Qf1 Qxh4 29.Bd3 d4
30.Rxe6+ Kxe6 31.Qe1+ Kf7 32.Kf1 Qh1+ 33.Ke2  0-1

[Event "NRW-Liga I 9899"]
[Site "GER"]
[Date "1999.03.16"]
[Round "7"]
[White "Fleck, Juergen"]
[Black "Borngaesser, Rene"]
[Result "1/2-1/2"]
[WhiteElo "2375"]
[BlackElo "2345"]

1.e4 e6 2.d4 d5 3.Nc3 Bb4 4.e5 b6 5.Qg4 Bf8 6.Nd1 Qd7 7.Nf3 Ne7 8.Ne3 Ba6
9.Bxa6 Nxa6 10.O-O c5 11.c4 h5 12.Qg5 dxc4 13.Rd1 O-O-O 14.Nxc4 Nf5 15.Be3 Qd5
16.Nd6+ Bxd6 17.exd6 Rxd6 18.Rdc1 Rc6 19.Qf4 f6 20.dxc5 Nxc5 21.Bxc5 Rxc5
22.Rxc5+ bxc5  1/2-1/2

[Event "Bled op"]
[Site "Bled"]
[Date "1999.03.22"]
[Round "3"]
[White "Armanda, Ivica"]
[Black "Praznik, Niko"]
[Result "1/2-1/2"]
[WhiteElo "2337"]
[BlackElo "2229"]

1.e4 e6 2.d4 d5 3.Nc3 Bb4 4.e5 Ne7 5.a3 Bxc3+ 6.bxc3 c5 7.Nf3 Bd7 8.Bd3 Qa5
9.O-O c4 10.Be2 Ba4 11.Qd2 h6 12.Ne1 Nbc6 13.g3 O-O-O 14.Ng2 Nf5 15.Ra2 h5
16.Qe1 Rdf8 17.Bd2 Qd8 18.h4 Re8 19.Qd1 g6 20.Rb2 Qa5 21.Qe1 Rd8 22.Bg5 Rd7
23.Bf6 Re8 24.g4 hxg4 25.Bxg4 b5 26.Bxf5 exf5 27.Nf4 Nd8 28.Qe3 Ne6 29.Ne2 Kb7
30.f4 Kc6 31.Qf3 Rg8 32.Rf2 Qc7 33.Rg2 Qc8 34.Ng3 Qf8 35.Ra2 Rb7 36.Nf1 Rb8
37.Ne3 Nc7 38.h5 gxh5 39.Nxf5 Rxg2+ 40.Qxg2 Re8 41.Ng7 Rb8 42.f5 Qg8 43.Be7 Qh7
44.e6 fxe6 45.f6 Rg8 46.f7 Rxg7 47.f8=Q Rxg2+ 48.Kxg2 Qe4+ 49.Qf3 Qe1 50.Qg3 Qe2+
51.Qf2 Qg4+ 52.Kh2 Qd1 53.Bd8 Kd7 54.Bxc7 Kxc7 55.Qf7+ Kd6 56.Qf8+ Kd7 57.Qg7+ Kd6
58.Qg3+ Kd7 59.Qg7+ Kd6 60.Qg1 Qe2+ 61.Qg2  1/2-1/2

[Event "Spring Festival 15th"]
[Site "Budapest"]
[Date "1999.03.22"]
[Round "6"]
[White "Galyas, Miklos"]
[Black "Karatorossian, David"]
[Result "1-0"]
[WhiteElo "2440"]
[BlackElo "2348"]

1.e4 e6 2.d4 d5 3.Nc3 Bb4 4.e5 b6 5.a3 Bxc3+ 6.bxc3 Qd7 7.Qg4 f5 8.Qg3 Ba6
9.Bxa6 Nxa6 10.Ne2 O-O-O 11.a4 Nb8 12.Qd3 Nc6 13.a5 Kb8 14.Bg5 Nge7 15.O-O h6
16.Bxe7 Nxe7 17.Rfb1 g5 18.c4 dxc4 19.Qxc4 Qc6 20.Qa2 Rd7 21.c4 Ka8 22.Nc3 Rhd8
23.Nb5 Nc8 24.axb6 cxb6 25.d5 Qc5 26.d6 Qxe5 27.Nc7+ Rxc7 28.dxc7 Qxc7 29.Re1 e5
30.Qa4 Rd4 31.Rac1 Qc5 32.Qb5 Nd6 33.Qxc5 bxc5 34.Rxe5 Nxc4 35.Rxf5 Kb7 36.Rxc5 Nb6
37.Rc7+ Kb8 38.Rh7 Rd6 39.g3 a6 40.Rcc7  1-0

[Event "Novgorod op"]
[Site "Novgorod"]
[Date "1999.03.25"]
[Round "7"]
[White "Voitsekhovsky, Stanislav"]
[Black "Nenashev, Alexander"]
[Result "1-0"]
[WhiteElo "2558"]
[BlackElo "2616"]

1.e4 e6 2.d4 d5 3.Nc3 Bb4 4.e5 Ne7 5.Bd2 O-O 6.Qh5 Nf5 7.Nf3 Nc6 8.Bd3 g6
9.Qg4 f6 10.h4 Nfxd4 11.Nxd4 Nxe5 12.Qg3 Nxd3+ 13.cxd3 e5 14.Nde2 d4 15.Ne4 Qe7
16.a3 Bxd2+ 17.Nxd2 c5 18.O-O Bf5 19.Rae1 Qd7 20.f4 Rae8 21.fxe5 Rxe5 22.Nc4 Ree8
23.Nf4 b5 24.Rxe8 Qxe8 25.Nd6 Qe5 26.Nxf5 Qxf5 27.h5 Qg5 28.Qxg5 fxg5 29.Ne6 Re8
30.Nxc5 gxh5 31.Ne4 Re5 32.Rc1 Kf7 33.Rc7+ Kg6 34.Rxa7 h4 35.Rd7 Kf5 36.Rxd4 Kf4
37.Kf2  1-0

[Event "Swidnica"]
[Site "Swidnica"]
[Date "1999.03.25"]
[Round "2"]
[White "Jaracz, Pawel"]
[Black "Rustemov, Alexander"]
[Result "1/2-1/2"]
[WhiteElo "2439"]
[BlackElo "2539"]

1.e4 e6 2.d4 d5 3.Nc3 Bb4 4.e5 Ne7 5.a3 Bxc3+ 6.bxc3 b6 7.Qg4 Nf5 8.Bb5+ c6
9.Bd3 h5 10.Qe2 c5 11.dxc5 bxc5 12.Nf3 Nh4  1/2-1/2

[Event "IND-ch"]
[Site "Nagpur"]
[Date "1999.03.29"]
[Round "7"]
[White "Bakre, Tejas"]
[Black "Neelotpal, Das"]
[Result "0-1"]
[WhiteElo "2333"]
[BlackElo "2436"]

1.e4 e6 2.d4 d5 3.Nc3 Bb4 4.e5 Ne7 5.a3 Bxc3+ 6.bxc3 c5 7.Qg4 Qc7 8.Qxg7 Rg8
9.Qxh7 cxd4 10.Ne2 Nbc6 11.f4 Bd7 12.Qd3 dxc3 13.Be3 Nf5 14.Bf2 O-O-O 15.h3 d4
16.g4 Nfe7 17.Bg2 Be8 18.Bh4 Na5 19.Ng3 Bc6 20.Bxc6 Naxc6 21.Bf6 Rg6 22.Ne4 Rxf6
23.exf6 Nd5 24.O-O Nxf4 25.Qf3 e5 26.Nf2 Rh8 27.Qe4 Na5 28.Nd3 Nxh3+ 29.Kg2 Ng5
30.Qf5+ Ne6 31.Nxe5 Nc4 32.Rae1 Ne3+ 33.Rxe3 dxe3 34.Re1 Qd6 35.Nf3 Qf4 36.Qxf4 Nxf4+
37.Kg3 Nd5 38.Ne5 Rf8 39.Nc4 Kc7 40.Nxe3 Nxf6 41.g5 Nh7 42.Kf4 Rd8 43.Rd1 Rd2
44.Nd5+ Kc6 45.Nxc3 Rf2+ 46.Ke3 Rf5 47.Ne4 Nxg5 48.Nxg5 Rxg5 49.Rf1 Re5+
50.Kd4 Rd5+ 51.Kc4 f5 52.Rf2 Rc5+ 53.Kb3 Kd6 54.c4 Ke5 55.Re2+ Kf6 56.Rf2 Rc7
57.Kb4 Ke5 58.Re2+ Kd4 59.Rd2+ Ke3 60.Rd8 Rf7 61.Kc3 f4 62.Re8+ Kf2 63.Kd3 f3
64.a4 Kf1 65.Rg8 f2 66.Kd2 Rf4 67.c5 Rxa4  0-1

[Event "Mar del Plata op 30th"]
[Site "Mar del Plata"]
[Date "1999.03.31"]
[Round "5"]
[White "Felgaer, Ruben"]
[Black "Dorin, Mauricio"]
[Result "1-0"]
[WhiteElo "2364"]
[BlackElo "2397"]

1.e4 e6 2.d4 d5 3.Nc3 Bb4 4.e5 b6 5.a3 Bxc3+ 6.bxc3 Qd7 7.Qg4 f5 8.Qg3 Ba6
9.Bxa6 Nxa6 10.Ne2 O-O-O 11.a4 Kb7 12.a5 b5 13.O-O Ka8 14.Ba3 Nh6 15.Rfb1 Rdg8
16.Nf4 g5 17.Nh5 Rg6 18.Nf6 Qc6 19.Qd3 Rb8 20.Rb3 Qc4 21.Nxh7 Ng8 22.Rab1 c6
23.Qd2 g4 24.Nf8 Rh6 25.Qg5 Qe2 26.Qxg8 f4 27.Qg5 g3 28.Qxf4 Rxh2 29.Qxg3 Rh6
30.Qf3 Qxc2 31.R3b2 Qa4 32.Bd6 Rb7 33.Qf4 Rh5 34.Qg4 Rh6 35.Qg8 Nb8 36.Nd7  1-0

[Event "Kraft Chess Cup"]
[Site "Skelleftea"]
[Date "1999.03.31"]
[Round "1.2"]
[White "Hector, Jonny"]
[Black "Karlsson, Lars"]
[Result "1-0"]
[WhiteElo "2542"]
[BlackElo "2470"]

1.e4 e6 2.d4 d5 3.Nc3 Bb4 4.e5 b6 5.Bd2 Qd7 6.Bb5 c6 7.Ba4 Ba6 8.a3 Bf8 9.Nce2 Bb5
10.Bxb5 cxb5 11.Nf3 Nc6 12.O-O Nge7 13.Ng3 g6 14.Bg5 Bg7 15.Qd2 h6 16.Be3 O-O-O
17.a4 b4 18.a5 Nxa5 19.Qxb4 Kb7 20.Ra2 Ka8 21.Rfa1 Rc8 22.b3 Rc7 23.Qd2 Rhc8
24.Ne1 h5 25.Bg5 Bf8 26.Nd3 Nec6 27.Ne2 Ne7 28.Qd1 Nf5 29.Bd2 Nc6 30.c3 Na5
31.Qb1 Qb5 32.Ndc1 Qd7 33.Ra4 Bh6 34.f4 Bf8 35.Qd3 Rd8 36.g3 Rdc8 37.Qf3 Kb8
38.h3 Ne7 39.c4 Nac6 40.c5 bxc5 41.dxc5 Rb7 42.b4 a5 43.bxa5 Ka8 44.a6 Rb5
45.Qd3 Rcb8 46.Nc3 Rxc5 47.Ne4 Rcb5 48.a7 R8b6 49.Nd6 Rb2 50.Nc4 Nf5 51.Nxb6+ Rxb6
52.Ra6 Bc5+ 53.Kg2 Qb7 54.Rxb6 Bxb6 55.Qa6 Bxa7 56.g4 hxg4 57.hxg4 Qxa6 58.Rxa6 Nfe7
59.Nd3 Kb7 60.Ra1 g5 61.fxg5 Ng6 62.Rf1 Ncxe5 63.Nxe5 Nxe5 64.Rxf7+ Nxf7
65.g6 Bd4 66.gxf7 Bg7 67.Bc3  1-0

[Event "Mar del Plata op 30th"]
[Site "Mar del Plata"]
[Date "1999.04.01"]
[Round "6"]
[White "Bademian, Jose"]
[Black "Daneri, Martin"]
[Result "0-1"]
[WhiteElo "2165"]
[BlackElo "2154"]

1.e4 e6 2.d4 d5 3.Nc3 Bb4 4.e5 Qd7 5.Qg4 f5 6.Qg3 b6 7.Nf3 Ba6 8.Bxa6 Nxa6
9.O-O Bxc3 10.bxc3 O-O-O 11.a4 Kb7 12.Bd2 g6 13.Rfb1 c6 14.Ne1 Ne7 15.Nd3 h6
16.h4 Rdg8 17.f4 Ka8 18.Kf2 Rc8 19.a5 b5 20.Be3 Rcg8 21.Rh1 Qd8 22.Ke2 Qc7
23.Qf2 Qd8 24.Bc1 Qc7 25.Ba3 Nc8 26.Nc5 Nxc5 27.Bxc5 a6 28.Kd3 Kb7 29.Bb4 Qg7
30.Rag1 Qf7 31.Qf3 h5 32.Qg3 Kc7 33.Qg5 Kd7 34.Rh3 Rh7 35.Rg3 Rgg7 36.Re1 Ne7
37.Qf6 Ke8 38.Bxe7 Qxe7 39.Rxg6 Qxf6 40.Rxf6 Ke7 41.Re2 Rg3+ 42.Kd2 Rg4 43.Rf2 Rxh4
44.c4 Rh1 45.cxd5 cxd5 46.Rf3 Rg7 47.g3 h4 48.gxh4 b4 49.Rf2 Rxh4 50.Kc1 Rgg4
51.Kb2 Rxf4 52.Rxf4 Rxf4 53.c3 bxc3+ 54.Kxc3 Rf1 55.Rh6 Rc1+ 56.Kb3 Rb1+
57.Kc3 Rb5 58.Rh7+ Kf8 59.Rh6 Kf7 60.Rh7+ Kf8 61.Rh6 Kf7 62.Rh7+ Kg6 63.Re7 Rxa5
64.Rxe6+ Kg5 65.Rc6 f4 66.Kd3 Ra3+ 67.Ke2 Kf5 68.Rf6+ Ke4 69.e6 Ra2+ 70.Kd1 Kd3
71.Ke1 Re2+ 72.Kf1 Re4 73.Kf2 Kxd4 74.Kf3 Ke5 75.Rh6 Kf5 76.e7 Re3+ 77.Kf2 Rxe7
78.Rxa6 Rb7 79.Kf3 Rb3+ 80.Kf2 Ke5 81.Ra8 Rc3 82.Re8+ Kd4 83.Rf8 Ke4 84.Re8+ Kd3
85.Rd8 d4 86.Rf8 Rc2+ 87.Kf3 Re2 88.Rxf4 Re8 89.Kf2 Kc3 90.Rf7 Kd2 91.Rf6 d3
92.Rf7 Kd1 93.Rd7 d2 94.Rf7 Kc2 95.Rc7+ Kd1 96.Rf7 Rc8 97.Ra7 Rf8+ 98.Kg2 Rf5
99.Ra8 Kc2 100.Rc8+ Kd3 101.Rd8+ Kc3 102.Rd7 Rf4  0-1

[Event "Dreifluesse op 7th"]
[Site "Passau"]
[Date "1999.04.02"]
[Round "1"]
[White "Maether, Stephan"]
[Black "Nurbekoglu, Michael"]
[Result "0-1"]
[WhiteElo "1724"]
[BlackElo "2175"]

1.e4 e6 2.d4 d5 3.Nc3 Bb4 4.e5 Ne7 5.Nf3 c5 6.Be3 Qa5 7.Qd2 Nbc6 8.Be2 cxd4
9.Bxd4 Nf5 10.O-O Nfxd4 11.Nxd4 Nxe5 12.a3 Bxc3 13.Qxc3 Qxc3 14.bxc3 Bd7
15.Rab1 b6 16.Nb5 O-O 17.Rfe1 Rfc8 18.Rb3 Nc4 19.Rd1 Bxb5 20.Rxb5 Nxa3 21.Rb3 Nc4
22.Rd4 Na5 23.Ra3 Rc5 24.Bf3 Rac8 25.Rd3 R8c7 26.g3 Kf8 27.Bd1 Nc4 28.Ra2 a5
29.Be2 b5 30.Rd1 a4 31.Rb1 Nd6 32.Rab2 Rxc3 33.Bxb5 a3 34.Rb3 a2 35.Ra1 Rxb3
36.cxb3 Nxb5 37.Rxa2 Rc1+ 38.Kg2 Rb1 39.Ra8+ Ke7 40.Rb8 Rxb3 41.Rb7+ Kf6  0-1

[Event "EST-chT"]
[Site "Tallinn"]
[Date "1999.04.03"]
[Round "3"]
[White "Pritulina, Svetlana"]
[Black "Ranniku, Maaja"]
[Result "0-1"]
[WhiteElo "2020"]
[BlackElo "2110"]

1.e4 e6 2.d4 d5 3.Nc3 Bb4 4.e5 b6 5.a3 Bxc3+ 6.bxc3 Ne7 7.Bg5 Qd7 8.Bd3 Ba6
9.Bxa6 Nxa6 10.Qd3 Nb8 11.Qg3 Ng6 12.h4 h5 13.Ne2 Qa4 14.Qd3 Nc6 15.f4 Nge7
16.Ng3 g6 17.Bf6 Rg8 18.O-O O-O-O 19.Rfb1 Rd7 20.Nf1 Nf5 21.Nd2 Kb7 22.Nb3 Ka8
23.Nc1 Rc8 24.Ra2 Nb8 25.Ne2 c5 26.Kf2 Nc6 27.dxc5 bxc5 28.Qb5 Qxb5 29.Rxb5 c4
30.Rc5 Rdc7 31.Rb5 Rb8 32.a4 a6 33.Rxb8+ Kxb8 34.g3 Rb7 35.Ng1 d4 36.cxd4 Nfxd4
37.c3 Nb3 38.Ne2 Rd7 39.Bg7 Rd8 40.Rb2 Kc8 41.Ke3 Rd3+ 42.Kf2 Nc5 43.Rc2 a5
44.Bf8 Nxa4 45.Ba3 Nb6 46.Bc1 Nd5 47.Bd2 Nde7 48.Nc1 Rd7 49.Ke2 Nf5 50.Be1 Rb7
51.Bf2 Nfe7 52.Kd2 Rd7+ 53.Ke1 Nd5 54.Ne2 Rb7 55.Kd2 Rb1 56.Ra2 Kb7 57.Kc2 Rf1
58.Bc5 Ka6 59.Rb2 a4 60.Nc1 Na5 61.Rb8 Nb3 62.Nxb3 axb3+ 63.Kb2 Rf3 64.Bd4 Rxg3
65.Rf8 Rg2+ 66.Kb1 Nxf4 67.Rxf7 Ne2 68.Ra7+ Kb5 69.Rb7+ Kc6 70.Rb6+  0-1

[Event "Golden Cleopatra op 3rd"]
[Site "Cairo"]
[Date "1999.04.11"]
[Round "1"]
[White "Abdel Aziem, Ramadan"]
[Black "Georg, Magdy"]
[Result "1-0"]
[WhiteElo "2189"]
[BlackElo "2308"]

1.e4 e6 2.d4 d5 3.Nc3 Bb4 4.e5 Qd7 5.a3 Bxc3+ 6.bxc3 b6 7.a4 Ba6 8.Bxa6 Nxa6
9.Nf3 Nb8 10.O-O Nc6 11.Qd3 Na5 12.Nd2 Qc6 13.Ba3 h5 14.Bb4 Nc4 15.a5 b5
16.Nb3 a6 17.Qg3 g6 18.Qg5 Qd7 19.Nc5 Qd8 20.Qf4 Ra7 21.Rad1 Nh6 22.h4 Nf5
23.g3 c6 24.Kg2 Rg8 25.Qg5 Qxg5 26.hxg5 Kd8 27.Rh1 Kc7 28.Kf3 Raa8 29.Rdg1 Rh8
30.Rh3 Ng7 31.Rgh1 Nf5 32.Ke2 Ng7 33.g4 Rhg8 34.Rf3 Rgf8 35.Nxa6+ Kb7 36.Bxf8 Rxf8
37.Nc5+ Kc8 38.gxh5 gxh5 39.a6 Nf5 40.Rxh5  1-0

[Event "Guillermo Garcia mem-B"]
[Site "Santa Clara"]
[Date "1999.05.03"]
[Round "9"]
[White "Del Rio Angelis, S."]
[Black "Pecorelli Garcia, Humberto"]
[Result "1-0"]
[WhiteElo "2408"]
[BlackElo "2430"]

1.e4 e6 2.d4 d5 3.Nc3 Bb4 4.e5 Ne7 5.a3 Bxc3+ 6.bxc3 c5 7.a4 Nbc6 8.Nf3 Bd7
9.Bd3 Qa5 10.O-O c4 11.Be2 f6 12.Qd2 Ng6 13.Ba3 O-O-O 14.Qe3 Nge7 15.Rfb1 Nf5
16.Qd2 h5 17.Rb5 Qc7 18.Nh4 fxe5 19.Nxf5 exf5 20.dxe5 Nxe5 21.Rxd5 Bc6 22.Rd4 Qf7
23.Rd1 Rxd4 24.Qxd4 Qg6 25.g3 Qe8 26.Qxa7 Nf3+ 27.Bxf3 Bxf3 28.Qa8+ Kc7 29.Qa5+ b6
30.Qa7+ Kc8 31.Bd6 Qc6 32.Rd4 Re8 33.Qb8+ Kd7 34.Be5+ Ke7 35.Qa7+ Qb7 36.Qxb7+ Bxb7
37.Rxc4 Bf3 38.Rf4 Be4 39.Bxg7 Ra8 40.f3 Bxc2 41.Rb4 Rxa4 42.Rxb6 f4 43.Rb4 fxg3
44.hxg3 Ra2 45.Rd4 Ba4 46.Bh6 Bc6 47.Rd3 Rc2 48.Bd2 Ke6 49.Kf2 Bd5 50.Ke3 Ra2
51.Kf4 Ra5 52.c4 Ra4 53.Kg5 Rxc4 54.Kxh5 Rc8 55.Bg5 Ba2 56.Re3+ Kf7 57.Re7+ Kg8
58.Be3 Bf7+ 59.Kg5 Re8 60.Rxe8+ Bxe8 61.f4 Kf7 62.f5 Kg7 63.g4 Bd7 64.Bd4+ Kf7
65.Kf4 Ba4 66.g5 Bc2 67.g6+ Kf8 68.Kg5 Bd3 69.f6 Bc4 70.Bc5+ Kg8 71.Kf4  1-0

[Event "Kleve op"]
[Site "Kleve"]
[Date "1999.05.14"]
[Round "2"]
[White "De Gleria, Francesco"]
[Black "Heidel, N."]
[Result "1-0"]
[WhiteElo "2433"]
[BlackElo "2085"]

1.e4 e6 2.d4 d5 3.Nc3 Bb4 4.e5 b6 5.Qg4 Bf8 6.Bg5 Qd7 7.Bb5 c6 8.Ba4 a5 9.a3 Ba6
10.Nge2 h6 11.Be3 h5 12.Qf3 Bxe2 13.Nxe2 b5 14.Bb3 Ne7 15.O-O Na6 16.c3 c5
17.dxc5 Nc6 18.Bd4 Bxc5 19.Qe3 Bxd4 20.cxd4 a4 21.Bc2 Na5 22.Qg3 Kf8 23.Rfc1 Nb8
24.Bd1 Nbc6 25.Rc5 Qb7 26.Qc3 Nc4 27.b3 axb3 28.Qxb3 b4 29.a4 Ke7 30.Qg3 Kf8
31.Rc1 Ra5 32.Rxa5 N6xa5 33.Nf4 h4 34.Qg5 Qe7 35.Qg4 b3 36.Nd3 h3 37.g3 Rh6
38.Nc5 Rg6 39.Qxh3 Qg5 40.Qh8+ Ke7 41.Qc8 f5 42.f4 b2 43.Rb1 Qh6 44.Qd7+ Kf8
45.Qd8+ Kf7 46.Nd7  1-0

[Event "Kleve op"]
[Site "Kleve"]
[Date "1999.05.15"]
[Round "5"]
[White "De Gleria, Francesco"]
[Black "Mainka, Gregor"]
[Result "1-0"]
[WhiteElo "2433"]
[BlackElo "2342"]

1.e4 e6 2.d4 d5 3.Nc3 Bb4 4.e5 Ne7 5.a3 Bxc3+ 6.bxc3 b6 7.Qg4 Ng6 8.Bb5+ c6
9.Bd3 Ba6 10.Nf3 Bxd3 11.cxd3 c5 12.dxc5 bxc5 13.O-O Nc6 14.Be3 Qa5 15.c4 O-O
16.cxd5 exd5 17.Qd7 Nge7 18.Rfc1 Rad8 19.Qg4 d4 20.Bg5 Rc8 21.Qe4 Ng6 22.Bd2 Qb5
23.Rab1 Qa4 24.Rxc5 Ncxe5 25.Rxe5 Nxe5 26.Qxe5 Qxa3 27.Qxd4 Rfd8 28.Ra1 Qxd3
29.Qxd3 Rxd3 30.Rxa7 Rcd8 31.h3 R3d7 32.Ra4 f6 33.Be3 Kf7 34.Kh2 Rd6 35.Nd4 Rd5
36.Ne2 R8d7 37.Nc3 Re5 38.Ne4 h6 39.Nc5 Rde7 40.Nd3 Rb5 41.Rd4 h5 42.h4 Rf5
43.Nf4 Rb5 44.Rd6 Rbe5 45.g3 Rb5 46.Rc6 Rbe5 47.Bc5 Rb7 48.Bd6 Re8 49.Nxh5 Rh8
50.Nf4 g5 51.Ng2 Rb2 52.Bc5 Rc2 53.Kh3 Kg6 54.Kg4 Kf7 55.hxg5 fxg5 56.Kxg5 Rh2
57.Nf4 Rhxf2 58.Rf6+  1-0

[Event "NOR-chT"]
[Site "Langesund"]
[Date "1999.05.15"]
[Round "6"]
[White "Hersvik, Daniel"]
[Black "Lauvsnes, Arild"]
[Result "1/2-1/2"]
[WhiteElo "2080"]
[BlackElo "2270"]

1.e4 e6 2.d4 d5 3.Nc3 Bb4 4.e5 Qd7 5.a3 Bf8 6.f4 b6 7.Nf3 Ne7 8.Be3 a5 9.Bd3 Ba6
10.O-O Nf5 11.Bf2 h5 12.Bxa6 Nxa6 13.Qd3 c5 14.Qb5 Qxb5 15.Nxb5 Rc8 16.Na7 Rc7
17.Nb5 Rc8 18.Na7 Rc7  1/2-1/2

[Event "VCN SchaakFestival"]
[Site "Soest"]
[Date "1999.05.15"]
[Round "5"]
[White "Van Wessel, Rudy"]
[Black "Luijendijk, Herman"]
[Result "0-1"]
[WhiteElo "2325"]
[BlackElo "1953"]

1.e4 e6 2.d4 d5 3.Nc3 Bb4 4.e5 Qd7 5.Qg4 Bf8 6.Nge2 h5 7.Qh3 Nc6 8.Be3 Nge7
9.g4 g6 10.Ng3 h4 11.Nge2 b6 12.Nf4 Bb7 13.O-O-O O-O-O 14.Ng2 Bh6 15.Bxh6 Rxh6
16.Qe3 Rdh8 17.h3 a6 18.Ne1 Kb8 19.Nf3 Nd8 20.Ne2 Nec6 21.Ng5 Qe7 22.f4 Qd7
23.Bg2 Ne7 24.Kb1 Ka7 25.Rd2 Nec6 26.Rc1 Na5 27.b3 Qe7 28.Qc3 Kb8 29.Bf1 Nac6
30.Ng1 Qa3 31.N1f3 Rf8 32.Qe3 Rfh8 33.Qf2 Qf8 34.c3 Ne7 35.Bd3 Ka7 36.Ne1 Qg7
37.Ng2 Qf8 38.Ne3 Qg7 39.Rg1 Qf8 40.Rdd1 Kb8 41.Rdf1 Qe8 42.Nf3 Qc6 43.Kb2 Qd7
44.g5 R6h7 45.Ng4 Ng8 46.Nf6 Nxf6 47.exf6 Qd6 48.Rg4 c5 49.Ne5 cxd4 50.Qxd4 Ka7
51.Bxg6 fxg6 52.Nxg6 Nc6 53.Qe3 d4 54.cxd4 Rc8 55.Rg2 Nb4 56.Rd2 Rhc7 57.Ne5 Rc2+
58.Rxc2 Rxc2+ 59.Kb1 Rxa2 60.f7 Nd5 61.Qc1 Rg2 62.g6 Qb4 63.Rf3 Qa5 64.Qb2 Rxb2+
65.Kxb2 Qd2+ 66.Ka3 Qc1+  0-1

[Event "Zalakaros Kupa 18th"]
[Site "Zalakaros"]
[Date "1999.05.15"]
[Round "4"]
[White "Toth, Andras"]
[Black "Farago, Ivan"]
[Result "0-1"]
[WhiteElo "2301"]
[BlackElo "2533"]

1.e4 e6 2.d4 d5 3.Nc3 Bb4 4.e5 Ne7 5.a3 Bxc3+ 6.bxc3 c5 7.Qg4 Qc7 8.Bd3 c4
9.Be2 O-O 10.Bg5 Nbc6 11.Nf3 f5 12.Qh3 Bd7 13.Rg1 Be8 14.g4 Bg6 15.Nh4 f4
16.Ng2 f3 17.Bxf3 Nxe5 18.Bd1 N5c6 19.f4 Be4 20.Kd2 Ng6 21.Bf3 Bxf3 22.Qxf3 h6
23.Bh4 Nxh4 24.Nxh4 Rxf4 25.Qe2 Re4  0-1

[Event "Capablanca mem Premier I"]
[Site "Havana"]
[Date "1999.05.18"]
[Round "10"]
[White "Herrera, Irisberto"]
[Black "Pecorelli Garcia, Humberto"]
[Result "1/2-1/2"]
[WhiteElo "2450"]
[BlackElo "2430"]

1.e4 e6 2.d4 d5 3.Nc3 Bb4 4.e5 Ne7 5.a3 Bxc3+ 6.bxc3 c5 7.h4 Nd7 8.h5 f6
9.h6 g6 10.exf6 Nxf6 11.Bb5+ Bd7 12.Bxd7+ Qxd7 13.Nf3 O-O 14.dxc5 Rac8 15.Be3 Nc6
16.c4 Ng4 17.Bc1 d4 18.O-O e5 19.Ng5 Nxh6 20.Ne4 Nf5 21.Rb1 Rc7 22.Bg5 Qe6
23.Qe2 h6 24.Bd2 g5 25.Rb3 Rg7 26.a4 g4 27.Qd3 Nh4 28.Ng3 Nf5 29.Ne4 Nb8
30.Re1 Na6 31.Rb5 Qc6 32.Ng3 Nxg3 33.Qxg3 e4 34.Qd6 g3 35.f3 exf3 36.gxf3 Qxf3
37.Qd5+ Kh7 38.Qxf3 Rxf3 39.Re6 g2 40.Rxh6+ Kg8 41.Rb1 Nxc5 42.Rh2 Rfg3 43.a5 Ne4
44.Be1 R3g4 45.Rb3 a6 46.Rd3 Nd6 47.Bf2 Nxc4 48.Bxd4 Rh7 49.Rxh7 Kxh7 50.Bc3 Kg6
51.Rf3 Rg5 52.Rf6+ Kh5 53.Rf7 Nd6 54.Rh7+ Kg6 55.Rg7+ Kf5 56.Rxg5+ Kxg5 57.Kxg2 Kf4
58.Bb4 Ne4 59.Kf1 Ke3 60.Ke1 Kd4 61.Ke2 Nc3+ 62.Kd2 Nd5 63.Bd6 Kc4 64.Kc1 Nb4
65.Kb2 Nc6 66.Bc7 Kb4 67.Bd6+ Kxa5 68.c4 Kb6 69.Kc3 Nd8 70.Be7 Ne6 71.Ba3 Kc6
72.Bc1 Nc5 73.Be3 a5 74.Bc1 Kd7 75.Ba3 Ne6 76.Bc1 Kd6 77.Ba3+ Ke5 78.Be7 Ke4
79.Bd6 Nd8 80.Bc7 Nc6 81.Bb6 a4 82.Bc5  1/2-1/2